|
|
|
|
| LEADER |
00966nam a2200313 4500 |
| 001 |
DLU090091099 |
| 005 |
##20091201 |
| 040 |
# |
# |
|a DLU
|b eng
|
| 041 |
# |
# |
|a eng
|
| 044 |
# |
# |
|a us
|
| 100 |
# |
# |
|a Wang, Xiaohai.
|
| 245 |
# |
# |
|a Production of L-malic acid via biocatalysis employing wild-type and respiratory-deficient yeasts /
|c Xiaohai Wang, C. S. Gong, George T. Tsao.
|
| 653 |
# |
# |
|a Fumarase
|
| 653 |
# |
# |
|a Fumaric acids
|
| 653 |
# |
# |
|a L-malic acids
|
| 653 |
# |
# |
|a Respiratory deficient
|
| 653 |
# |
# |
|a Saccharomyces cerevisiae
|
| 700 |
# |
# |
|a Gong, C. S.
|
| 700 |
# |
# |
|a Tsao, George T.
|
| 773 |
# |
# |
|t Applied Biochemistry and Biotechnology
|g Vol. 70-72 (Spring 1998), p. 845-852
|
| 920 |
# |
# |
|a Phòng Tạp chí -- Trung tâm Thông tin - Thư viện Trường Đại học Đà Lạt
|
| 994 |
# |
# |
|a DLU
|
| 900 |
# |
# |
|a True
|
| 911 |
# |
# |
|a Trương Bảo Trâm Anh
|
| 925 |
# |
# |
|a G
|
| 926 |
# |
# |
|a A
|
| 927 |
# |
# |
|a BB
|
| 980 |
# |
# |
|a Thư viện Trường Đại học Đà Lạt
|